000 01108cam a2200325 a 4500
001 2599
005 20240108092631.0
020 _a9780590412520
040 _aDLC
_cDLC
_dDLC
_beng
050 0 0 _aQK49.H47
082 0 0 _a582.13
100 1 _aHeller, Ruth
_d1924-
245 1 4 _aThe reason for a flower /
_cwritten and illustrated by Ruth Heller
250 _aFirst Scholastic printing, April 1988
260 _aNew York :
_bScholastic,
_c1983
300 _a40 unnumbered pages :
_bcolor illustrations ;
_c21 cm .
505 _aG
520 _aBrief text and lavish illustrations explain plant reproduction and the purpose of a flower and present some plants which don't seem to be flowers but are.
521 _a371
_bLexile
521 _aG
_bRaz-Plus
650 0 _aFlowers
_xJuvenile literature.
650 0 _aPlants
_xReproduction
_xJuvenile literature.
650 0 _aPlants
_xJuvenile literature.
650 1 _aFlowers.
650 1 _aSeeds.
650 1 _aPlants
_xReproduction.
650 1 _aPlants.
906 _a7
_bcbc
_corignew
_d2
_eocip
_f19
_gy-gencatlg
942 _2ddc
_cBK
_n0
999 _c2599
_d2599